Living architecture, living cities : soul-nourishing sustainability / (Record no. 5664)
[ view plain ]
| 000 -LEADER | |
|---|---|
| fixed length control field | 00675nam a2200205 ar4500 |
| 001 - CONTROL NUMBER | |
| control field | 5667 |
| 005 - DATE AND TIME OF LATEST TRANSACTION | |
| control field | 20221127091200.0 |
| 008 - FIXED-LENGTH DATA ELEMENTS--GENERAL INFORMATION | |
| fixed length control field | 311022s ||| 00010|eng d |
| 020 ## - INTERNATIONAL STANDARD BOOK NUMBER | |
| International Standard Book Number | 9781138594821 (pbk) |
| Canceled/invalid ISBN | SR112 |
| 082 04 - DEWEY DECIMAL CLASSIFICATION NUMBER | |
| Classification number | 720.19 D273 2019 |
| 100 1# - MAIN ENTRY--PERSONAL NAME | |
| Personal name | Day, Christopher, |
| 245 10 - TITLE STATEMENT | |
| Title | Living architecture, living cities : soul-nourishing sustainability / |
| Statement of responsibility, etc. | Christopher Day, Julie G. William |
| 250 ## - EDITION STATEMENT | |
| Edition statement | 1st.ed. |
| 260 ## - PUBLICATION, DISTRIBUTION, ETC. | |
| Place of publication, distribution, etc. | New York, |
| Name of publisher, distributor, etc. | Routledge, |
| Date of publication, distribution, etc. | 2019 |
| 300 ## - PHYSICAL DESCRIPTION | |
| Extent | 466 p. |
| Other physical details | ill.col. |
| Dimensions | 24 cm. |
| 500 ## - GENERAL NOTE | |
| General note | Inckudes bib.references and index |
| 650 #4 - SUBJECT ADDED ENTRY--TOPICAL TERM | |
| Topical term or geographic name entry element | Sustainable urban development |
| 650 #4 - SUBJECT ADDED ENTRY--TOPICAL TERM | |
| Topical term or geographic name entry element | Architecture--Psychological aspects |
| 700 0# - ADDED ENTRY--PERSONAL NAME | |
| Personal name | Gwilliam, Julie P. |
No items available.
